Building garden ponds / (Record no. 608028)
[ view plain ]
| 000 -LEADER | |
|---|---|
| fixed length control field | 01252cam a22003254a 4500 |
| 001 - CONTROL NUMBER | |
| control field | 13232820 |
| 003 - CONTROL NUMBER IDENTIFIER | |
| control field | OSt |
| 005 - DATE AND TIME OF LATEST TRANSACTION | |
| control field | 20240222150952.0 |
| 008 - FIXED-LENGTH DATA ELEMENTS--GENERAL INFORMATION | |
| fixed length control field | 030610s2004 mnua 001 0 eng |
| 010 ## - LIBRARY OF CONGRESS CONTROL NUMBER | |
| LC control number | 2003013341 |
| 020 ## - INTERNATIONAL STANDARD BOOK NUMBER | |
| International Standard Book Number | 0896580423 (pbk. : alk. paper) |
| 020 ## - INTERNATIONAL STANDARD BOOK NUMBER | |
| International Standard Book Number | 9780896580428 |
| 040 ## - CATALOGING SOURCE | |
| Original cataloging agency | DLC |
| Transcribing agency | DLC |
| Modifying agency | DLC |
| 042 ## - AUTHENTICATION CODE | |
| Authentication code | pcc |
| 050 00 - LIBRARY OF CONGRESS CALL NUMBER | |
| Classification number | SB423 |
| Item number | .H56 2004 |
| 082 00 - DEWEY DECIMAL CLASSIFICATION NUMBER | |
| Classification number | 635.9674 |
| Edition number | 21 |
| Author Mark | HIR |
| 100 1# - MAIN ENTRY--PERSONAL NAME | |
| Personal name | Hirst, Bryan. |
| 9 (RLIN) | 121104 |
| 245 10 - TITLE STATEMENT | |
| Title | Building garden ponds / |
| Statement of responsibility, etc. | Bryan Hirst. |
| 260 ## - PUBLICATION, DISTRIBUTION, ETC. | |
| Place of publication, distribution, etc. | Stillwater, MN : |
| Name of publisher, distributor, etc. | Voyageur Press, |
| Date of publication, distribution, etc. | c2004. |
| 300 ## - PHYSICAL DESCRIPTION | |
| Extent | 95 p. : |
| Other physical details | cl. ill. ; |
| Dimensions | 28 cm. |
| 440 #0 - SERIES STATEMENT/ADDED ENTRY--TITLE | |
| Title | Creative ideas for your yard and garden |
| 9 (RLIN) | 121105 |
| 500 ## - GENERAL NOTE | |
| General note | Includes index. |
| 650 #0 - SUBJECT ADDED ENTRY--TOPICAL TERM | |
| Topical term or geographic name entry element | Water gardens. |
| 9 (RLIN) | 119713 |
| 856 41 - ELECTRONIC LOCATION AND ACCESS | |
| Materials specified | Table of contents |
| Uniform Resource Identifier | <a href="http://www.loc.gov/catdir/toc/ecip045/2003013341.html">http://www.loc.gov/catdir/toc/ecip045/2003013341.html</a> |
| 856 42 - ELECTRONIC LOCATION AND ACCESS | |
| Materials specified | Publisher description |
| Uniform Resource Identifier | <a href="http://www.loc.gov/catdir/enhancements/fy0662/2003013341-d.html">http://www.loc.gov/catdir/enhancements/fy0662/2003013341-d.html</a> |
| 906 ## - LOCAL DATA ELEMENT F, LDF (RLIN) | |
| a | 7 |
| b | cbc |
| c | orignew |
| d | 1 |
| e | ecip |
| f | 20 |
| g | y-gencatlg |
| 942 ## - ADDED ENTRY ELEMENTS (KOHA) | |
| Source of classification or shelving scheme | |
| Koha item type | Reference |
| Institution code [OBSOLETE] | SADA |
| Call number prefix | REF 635.9674 HIR 2004 |
| Withdrawn status | Lost status | Source of classification or shelving scheme | Damaged status | Not for loan | Permanent Location | Current Location | Date acquired | Source of acquisition | Total Checkouts | Full call number | Barcode | Date last seen | Date last checked out | Cost, replacement price | Price effective from | Koha item type |
|---|---|---|---|---|---|---|---|---|---|---|---|---|---|---|---|---|
| School of Art Design and Architecture (SADA) | School of Art Design and Architecture (SADA) | 03/13/2017 | Donation | 1 | 635.9674 HIR 2004 | SADAD0000149 | 10/22/2024 | 10/08/2024 | 1301.01 | 02/22/2024 | Book |
